NOT Johnny Depp Quiz Stats

 Plays Quiz Updated Jun 9, 2017

Support Sporcle.
Go Orange.
Score 0/25 Timer 05:00
0 Plays Today
Johnny Depp movie % Correct
Alice in Wonderland
87.5%
Pirates of the Caribbean: The Curse of the Black Pearl
87%
Charlie and the Chocolate Factory
84.1%
Corpse Bride
75.5%
Rango
72.1%
What's Eating Gilbert Grape
64.3%
Sleepy Hollow
61.5%
Platoon
59.9%
Chocolat
54%
Edward Scissorhands
49.2%
Fear and Loathing in Las Vegas
49.2%
Ed Wood
47.4%
The Tourist
46.9%
Johnny Depp movie % Correct
Public Enemies
45.7%
Donnie Brasco
38.5%
Finding Neverland
38.2%
A Nightmare on Elm Street
35.1%
Blow
34.1%
Benny and Joon
29%
Sweeney Todd: The Demon Barber of Fleet Street
27.6%
The Imaginarium of Doctor Parnassus
19.6%
The Astronaut's Wife
16.8%
Don Juan DeMarco
12.7%
Dead Man
11.7%
The Rum Diary
6.4%

You're not logged in!

Compare scores with friends on all Sporcle quizzes.
OR
Log In
Forgot?

From the Vault

Cinematic Shades II

by FearTheManatee

Here's a tip: Try not to wear sunglasses to the movies, it makes things very difficult.
Remove Ads.
Support Sporcle.
Get the best of Sporcle when you Go Orange. This ad-free experience offers more features, more stats, and more fun while also helping to support Sporcle. Thank you for becoming a member.

Show Comments

Extras

Top Quizzes Today


Score Distribution

Your Account Isn't Verified!

In order to create a playlist on Sporcle, you need to verify the email address you used during registration. Go to your Sporcle Settings to finish the process.

Report this User

Report this user for behavior that violates our Community Guidelines.

Details: